000 00826nac a22002777a 4500
001 BR6006930
003 BR-BrBNA
005 20240105113201.0
008 230509b bl.|||m| |||| 00| 0 por d
040 _aBR-BrBNA
_bpor
_cBiblioteca Nacional de Agricultura
072 _aF00
090 _a0333 BR6006930
100 1 _aTarcia, S.
110 1 _aServico de Informacao Agricola, Rio de Janeiro, GB (Brasil)
245 1 _aCultura de variedades de linho destinadas a producao de oleo de linhaca
260 3 _aRio de Janeiro, GB (Brasil):
_c1948.
300 _a63 p.
490 _aSIA (Brazil)
_vno. 710
_x
650 _aProducao vegetal
650 _aLinho
650 _aLinhaca
650 _aOleo vegetal
650 _aPratica cultural
909 _a202312
_bLúcia Elande
_c55
_dLúcia Elande
942 _2AGRIS
_n0
_cMS
999 _c262343
_d262343